000 00545nam a22001817a 4500
008 170725b xxu||||| |||| 00| p tur d
020 _a9789752898301
041 _atur
050 _aPL248.E6967
100 _a Erözçelik, Seyhan
_9396
245 _aPentimento
_cSeyhan Erözçelik
_bOld father, Old Artificer, Stand Me Now and Ever in Good Stead
250 _a1.Basım
260 _aİstanbul
_bEverest Yayınları
_cOcak 2011
300 _a93 Sayfa
500 _aEverest: 889; Şiir: 78
650 0 _9145
_aTürk Edebiyatı
942 _2lcc
_cBK
999 _c720
_d711